000 00676nam a2200241Ia 4500
003 OSt
005 20221007104019.0
006 a|||||r|||| 00| 0
007 ta
008 221006b |||||||| |||| 00| 0 eng d
024 _a14,653
037 _cTextual
040 _aLCO
_cLCO
_beng
041 _2eng
_aeng
082 _aZ2,9298, L3
100 _aFish Peter Graham
_9695166
245 0 _aPolitics of Federal Judicial Administration
260 _aPrinceton
_bPrinceton University Press U.S.A.
_c1973
300 _a528
650 _aJUDICIAL ADMINISTRATION
_9705679
942 _hZ2,9298, L3
_cTEXL
999 _c1184216
_d1184216